=LDR 00000nam 2200000 4500 =001 INLIS000000000016564 =005 20160913121904.0 =006 =007 =008 Ind =035 ##$$0010-061300000016564 =041 ##$$a Ind =082 ##$$a 323.607 =090 ##$$a 323.607, Pen p =245 ##$$a Pendidikan pancasila dan kewarganegaraan untuk SMU, Drs. Cholibin...[et.al] =260 ##$$a 2002 $b Bogor =300 ##$$a ...jil, ilus, 24 cm =650 ##$$a Kewarganegaraan-Studi dan pengajaran =850 ##$$a NBPNMAT